Jugar y divertirse sin excluir: recopilación de juegos no competitivos
Salvato in:
| Autore principale: | |
|---|---|
| Natura: | Libro |
| Lingua: | spagnolo |
| Pubblicazione: |
Barcelona
Graó
1999
|
| Serie: | Juegos, 138
|
| Soggetti: | |
| Tags: |
Aggiungi Tag
Nessun Tag, puoi essere il primo ad aggiungerne!!
|
MARC
| LEADER | 00000cam a2200000 a 4500 | ||
|---|---|---|---|
| 001 | UCF5425 | ||
| 003 | CL-VaPUC | ||
| 008 | 130307e19990500SP |||||||||||||||||spa|d | ||
| 020 | |a 9788478272129 | ||
| 082 | 0 | 4 | |a 796.1 |b GUI |2 21 |
| 100 | |a Guitart Aced, Rosa María |e author |9 567334 | ||
| 245 | 1 | 0 | |a Jugar y divertirse sin excluir: recopilación de juegos no competitivos |
| 300 | |a 93 p | ||
| 942 | |c BK | ||
| 945 | |d 20130307 00:00:00 |a dcastane | ||
| 260 | |a Barcelona |b Graó |c 1999 | ||
| 650 | 0 | |a Juegos infantiles |9 307365 | |
| 650 | 7 | |a RECREACION |2 CL-VaPUC |9 567335 | |
| 650 | 0 | |a Aptitud motora |9 307353 | |
| 650 | 0 | |a Educación básica |9 224933 | |
| 650 | 0 | |a Educación física |9 240893 | |
| 583 | |a last modification |c 20130307 11:37:00 |k Rodrigo Vera | ||
| 490 | 0 | |a Juegos, 138 | |
| 999 | |c 350965 |d 350963 | ||
| 952 | |0 0 |1 0 |4 0 |6 796_100000000000000_GUI_1999 |7 0 |8 A |9 454789 |a BIBEDU |b BIBEDU |d 2019-11-22 |i 4951093 |o 796.1 GUI 1999 |p 4951093 |r 2019-11-22 |w 2019-11-22 |y BK |k PAR | ||
| 952 | |0 0 |1 0 |4 0 |6 796_100000000000000_GUI_1999 |7 0 |8 A |9 454790 |a BIBEDU |b BIBEDU |d 2019-11-22 |i 4951107 |o 796.1 GUI 1999 |p 4951107 |r 2019-11-22 |w 2019-11-22 |y BK |k PAR | ||